Geografía española III - Estadísticas

Estadísticas generales
  • Esta prueba ha sido intentada 4.431 veces
    4.241 desde el último reinicio
  • La puntuación promedio es 7 de 20
Estadísticas de respuestas
Pregunta Respuesta % Correcto
¿Cuál es la C. A. más grande por superficie? Castilla y León
91%
¿Con qué país tiene España su frontera más corta? Reino Unido
85%
¿Cuál es la universidad más antigua en operación de España? Universidad de Salamanca
52%
¿Qué paseo emblemático pasa hacia el puerto de Barcelona? La Rambla
48%
¿De qué animal vino el nombre España? Conejo
43%
¿De qué color es el león en la bandera de España? Púrpura
43%
¿Cuál es la villa de tres mentiras porque ni es santa, ni llana, ni tiene mar? Santillana del Mar
42%
¿Cuál es el Viaducto de Montabliz? El puente más {alto} de España
40%
¿En qué ciudad hay el recinto amurallado medieval mejor conservado de Europa? Ávila
39%
¿En qué isla se ubica el punto más meridional? El Hierro
37%
¿Qué golfo se extiende desde Galicia hasta Bretaña? Golfo de Vizcaya
36%
¿Dónde vive oficialmente el Rey? Palacio Real de Madrid
35%
¿Qué isla cambia de propiedad entre España y Francia cada 6 meses? Isla de los Faisanes
32%
¿Cuál es el faro más antiguo en funcionamiento del mundo? Torre de Hércules
27%
¿Qué calle larga atraviesa la Plaza de España y la Plaza de las Glorias Catalanas? Gran Via de les Corts Catalanes
20%
¿De qué idioma es el aranés una variedad gascona? Occitano
16%
¿Qué ciudad alicantina se conoce como la "ciudad de los puentes" y la "ciudad de tres ríos"? Alcoy
13%
¿Cuál es el afluente más largo de España? Río Genil
9%
¿Por qué se conoce una finca en la Plaza Lope de Vega de Valencia? Ser estrecha
8%
¿Qué sierra, con nombre relativo a una hortaliza, se encuentra en La Rioja? Sierra de C{ebollera}
4%
No se encontraron pruebas coincidentes
Distribución de puntuación
Porcentaje de gente con cada puntuación
Porcentaje por número respondido
Historial de tus puntuaciones
No has intentado esta prueba desde el último reinicio